Actors / Actresses by their Characters - Picture Edition #3 - Statistics

General Stats
  • This quiz has been taken 97 times
  • The average score is 7 of 15
Answer Stats
Picture Answer % Correct
Natalie Portman
85%
Marlon Brando
77%
Uma Thurman
73%
Carrie Fisher
67%
Katy Perry
65%
Viggo Mortensen
52%
Daniel Day-Lewis
47%
Laurence Fishburne
47%
Austin Butler
36%
Jason Segel
35%
Marion Cotillard
35%
Daisy Ridley
33%
Hailee Steinfeld
28%
Elizabeth Banks
27%
Salman Khan
7%
No matching quizzes found
Score Distribution
Percent of People with Each Score
Percentile by Number Answered
Your Score History
You have not taken this quiz